II Pla d'Igualtat de Gènere 2005 - 2007
Publicado:
Barcelona :
Diputació de Barcelona. Àrea d'Igualtat i Ciutadania. Servei de Promoció de Polítiques d'Igualtat Dona-Home ,
2005
Descripción Física:
57 p. ; 21 cm
MARC
| LEADER | 00000nam a2200000Ia 4500 | ||
|---|---|---|---|
| 001 | 20186 | ||
| 008 | 160829s2005 xx 000 0 cat d | ||
| 080 | |a S-1-16 | ||
| 245 | |a II Pla d'Igualtat de Gènere 2005 - 2007 | ||
| 260 | |a Barcelona : |b Diputació de Barcelona. Àrea d'Igualtat i Ciutadania. Servei de Promoció de Polítiques d'Igualtat Dona-Home, |c 2005 | ||
| 300 | |a 57 p. ; |c 21 cm | ||
| 590 | |a A la coberta: Centre Francesca Bonnemaison. | ||
| 590 | |a Bibliografia | ||
| 650 | |a Dones |x Catalunya |x Política social |9 44893 | ||
| 650 | |a Drets de les dones |x Catalunya |x Política governamental |9 44894 | ||
| 710 | 1 | |a Barcelona (Catalunya : Província). |b Servei de Promoció de Polítiques d'Igualtat Dona-Home |9 54961 | |
| 901 | |a Arxiu | ||
| 942 | |n 1 | ||
| 952 | |0 0 |1 0 |4 0 |6 S116 |7 1 |9 52234 |a Arxiu |b Arxiu |d 2016-12-01 |l 0 |o S-1-16 |p 20186 |r 2016-12-01 00:00:00 |w 2016-12-01 |y ARXIU | ||
| 999 | |c 56082 |d 56082 | ||